Heat and thermodynamics ; an intermediate textbook for students of physics, chemistry, and engineering. /
Guardado en:
| Autor Principal: | |
|---|---|
| Formato: | Libro |
| Idioma: | English |
| Publicado: |
New York :
McGraw-Hill,
1957.
|
| Edición: | 4th ed. |
| Materias: | |
| Etiquetas: |
Agregar Etiqueta
Sin Etiquetas, Sea el primero en etiquetar este registro!
|
| LEADER | 00714nam a22002291a 4500 | ||
|---|---|---|---|
| 001 | EIQ.libpla004399 | ||
| 008 | 721219s1957####nyua##########000#0#eng## | ||
| 005 | 20130627111143.0 | ||
| 245 | 0 | 0 | |a Heat and thermodynamics ; |b an intermediate textbook for students of physics, chemistry, and engineering. / |c Mark W. Zemansky. |
| 250 | |a 4th ed. | ||
| 260 | |a New York : |b McGraw-Hill, |c 1957. | ||
| 300 | |a 484 p. : |b il. ; |c 24 cm. | ||
| 100 | 1 | |a Zemansky, Mark Waldo, |d 1900- | |
| 082 | 0 | 0 | |a 536.7 |
| 650 | 0 | |a Heat. | |
| 650 | 0 | |a Thermodynamics. | |
| 650 | 7 | |a Calor | |
| 650 | 7 | |a Termodinámica | |
| 010 | |a 56010336 | ||
| 040 | |a DLC |c DLC |d DLC | ||
| 050 | 0 | 0 | |a QC254 |b .Z45 1957 |
| 859 | |a AR-BbSID |b BIB. PLAPIQUI |h 536.7 |i Z4 |p 6282 | ||
